[Event "BC-WA m"]
[Site "Victoria"]
[Date "2020.01.17"]
[Round "1.2"]
[White "Gansvind, Valeriya I"]
[Black "Collyer, Curt"]
[Result "1/2-1/2"]
[WhiteElo "2123"]
[BlackElo "2325"]
[PlyCount "157"]
[EventDate "2020.01.17"]
[EventType "team-swiss"]
[EventRounds "5"]
[EventCountry "CAN"]
[WhiteTeam "BC"]
[BlackTeam "WA"]

1. d4 e6 2. g3 f5 3. Bg2 Nf6 4. c4 Be7 5. Qc2 d6 6. Nf3 Ne4 7. Nbd2 Nxd2 8.
Bxd2 O-O 9. O-O Bf6 10. Bc3 d5 11. Rfd1 c6 12. b3 Be7 13. c5 Nd7 14. b4 Qe8 15.
a4 Qh5 16. a5 a6 17. Bd2 g5 18. Qd3 h6 19. Re1 Bf6 20. Bc3 Rf7 21. e3 Rg7 22.
Qe2 Nf8 23. Ne5 Qe8 24. Bf3 Bd7 25. Qc2 Qe7 26. Qb2 Be8 27. Ra2 Bg6 28. Bg2 Bh5
29. Bd2 Kh8 30. Ra3 Nh7 31. f4 Rag8 32. Qc1 Nf8 33. Qc2 Rh7 34. Bc1 Qg7 35. Ra2
Be8 36. Bd2 h5 37. Re2 h4 38. Be1 Rh6 39. fxg5 Bxg5 40. Bf3 Bf6 41. Nd3 Ng6 42.
Rg2 Qh7 43. Kf1 Qe7 44. Ra3 Nf8 45. Qd1 Nh7 46. Raa2 h3 47. Rgb2 Ng5 48. Bf2
Ne4 49. Rc2 Qh7 50. Qe2 Bd8 51. Nf4 Bc7 52. Qd1 Bxf4 53. exf4 Bh5 54. Bxh5 Rxh5
55. Qf3 Rh6 56. Re2 Qg7 57. Ra3 Kh7 58. Rc2 Rc8 59. Re2 Rc7 60. Rc2 Kg8 61. Re2
Kf8 62. Rc2 Ke8 63. Rd3 Kd8 64. Be1 Kc8 65. Re2 Kb8 66. Rc2 Ka8 67. Re2 Qg8 68.
Rc2 Rhh7 69. Re2 Rcg7 70. Rc2 Rg4 71. Ke2 Rhg7 72. Kd1 R7g6 73. Re2 Qh8 74. Qh1
Qg7 75. Kc2 Qg8 76. Kb3 Qg7 77. Ree3 Qf7 78. Rf3 Qg8 79. Qf1 1/2-1/2

[Event "BC-WA m"]
[Site "Victoria"]
[Date "2020.01.17"]
[Round "1.3"]
[White "Sinanan, Joshua C"]
[Black "Patterson, Roger"]
[Result "1/2-1/2"]
[WhiteElo "2302"]
[BlackElo "2115"]
[PlyCount "114"]
[EventDate "2020.01.17"]
[EventType "team-swiss"]
[EventRounds "5"]
[EventCountry "CAN"]
[WhiteTeam "WA"]
[BlackTeam "BC"]

1. d4 d5 2. c4 e6 3. Nf3 c5 4. cxd5 exd5 5. Nc3 Nc6 6. g3 Nf6 7. Bg2 Be7 8. O-O
O-O 9. Bg5 cxd4 10. Nxd4 h6 11. Bf4 Bg4 12. h3 Bd7 13. Rc1 Rc8 14. Be3 Na5 15.
b3 Bb4 16. Qd3 Qe7 17. Kh2 Rfd8 18. Rfd1 Bxc3 19. Rxc3 Ne4 20. Rcc1 Nc6 21.
Nxc6 bxc6 22. f3 Nf6 23. Bc5 Qe6 24. e3 Rc7 25. Qd4 Ra8 26. Ba3 a5 27. Bb2 Rb7
28. e4 a4 29. b4 a3 30. Bc3 dxe4 31. fxe4 Qxa2 32. e5 Ne8 33. Rd2 Qe6 34. Rcd1
Rc7 35. Qb6 Raa7 36. Qb8 Rab7 37. Qd8 Rc8 38. Qa5 Qb3 39. Rxd7 Rxd7 40. Rxd7
Qxc3 41. Qa6 Rb8 42. Qxc6 Qxc6 43. Bxc6 a2 44. Ra7 Rxb4 45. Rxa2 Nc7 46. Ra7
Rb2+ 47. Kg1 Ne6 48. h4 g6 49. Be8 Nd4 50. Bxf7+ Kf8 51. Bxg6 Nf3+ 52. Kf1 Nxe5
53. Be4 Ng4 54. Kg1 Rb4 55. Bf3 Rb1+ 56. Kg2 Rb2+ 57. Kg1 Rb1+ 1/2-1/2

[Event "BC-WA m"]
[Site "Victoria"]
[Date "2020.01.17"]
[Round "1.4"]
[White "Velea, Anne-Marie"]
[Black "Kenney, Jason"]
[Result "0-1"]
[WhiteElo "2082"]
[BlackElo "2264"]
[PlyCount "30"]
[EventDate "2020.01.17"]
[EventType "team-swiss"]
[EventRounds "5"]
[EventCountry "CAN"]
[WhiteTeam "WA"]
[BlackTeam "BC"]

1. e4 c5 2. Nf3 e6 3. d4 cxd4 4. Nxd4 Nc6 5. Nc3 Qc7 6. Be3 a6 7. Qf3 d6 8.
O-O-O Bd7 9. Be2 b5 10. a3 Nf6 11. Qg3 b4 12. axb4 Nxb4 13. Rd2 Rb8 14. Rhd1
Qxc3 15. bxc3 Na2# 0-1

[Event "BC-WA m"]
[Site "Victoria"]
[Date "2020.01.17"]
[Round "1.5"]
[White "Huang, Patrick"]
[Black "Velea, Sophie"]
[Result "1-0"]
[WhiteElo "2248"]
[BlackElo "1850"]
[PlyCount "131"]
[EventDate "2020.01.17"]
[EventType "team-swiss"]
[EventRounds "5"]
[EventCountry "CAN"]
[WhiteTeam "BC"]
[BlackTeam "WA"]

1. d4 d5 2. Bf4 Nf6 3. e3 e6 4. Nf3 Bd6 5. Bg3 O-O 6. Nbd2 c5 7. c3 Qc7 8. Ne5
Nbd7 9. f4 b6 10. Bd3 Bb7 11. Qb1 h6 12. Bh4 Be7 13. h3 cxd4 14. exd4 Nxe5 15.
dxe5 Nh5 16. Bxe7 Qxe7 17. O-O f5 18. Qe1 Kh8 19. Be2 g6 20. Nb3 Ng7 21. Nd4 a6
22. g4 Ne8 23. Qg3 Rg8 24. g5 h5 25. a4 Nc7 26. Qf2 Qd7 27. Ra3 Bc6 28. Rfa1
Rab8 29. Qf1 Bb7 30. Rb3 Bc8 31. Rb4 Qe8 32. Qd1 a5 33. Rb3 Ba6 34. Qf1 Bxe2
35. Qxe2 Qd7 36. Raa3 Rb7 37. Qe3 Rgb8 38. Nb5 Nxb5 39. Rxb5 Qc7 40. Kf2 Qc6
41. Qd4 Qc7 42. b4 Kh7 43. Rb3 Kh8 44. Qd3 axb4 45. R5xb4 Qc6 46. Qd4 Qc7 47.
Rb5 Qc6 48. Qb4 Rc7 49. a5 Qc4 50. Rxb6 Qxb4 51. Rxb8+ Qxb8 52. Rxb8+ Kg7 53.
a6 Kf7 54. Rb7 Rxb7 55. axb7 Ke7 56. b8=Q Kd7 57. Qg8 Kc6 58. Qxg6 Kc5 59. Qxe6
Kc4 60. g6 Kxc3 61. Qxd5 Kb4 62. g7 Kc3 63. g8=Q Kc2 64. Qc8+ Kb2 65. Qdb7+ Ka3
66. Qca8# 1-0

[Event "BC-WA m"]
[Site "Victoria"]
[Date "2020.01.17"]
[Round "1.6"]
[White "Velea, Stephanie"]
[Black "Cortes Orihuela, Javier"]
[Result "0-1"]
[WhiteElo "1797"]
[BlackElo "2242"]
[PlyCount "133"]
[EventDate "2020.01.17"]
[EventType "team-swiss"]
[EventRounds "5"]
[EventCountry "CAN"]
[WhiteTeam "WA"]
[BlackTeam "BC"]

1. e4 e5 2. Nf3 Nc6 3. Bc4 Bc5 4. O-O Nf6 5. d3 O-O 6. Nbd2 d6 7. c3 h6 8. b4
Bb6 9. Bb3 a6 10. h3 Re8 11. Re1 Be6 12. Nf1 Bxb3 13. Qxb3 a5 14. b5 a4 15. Qc2
Ne7 16. Ng3 Kh7 17. d4 Neg8 18. Be3 Nd7 19. Rad1 g6 20. h4 h5 21. Qe2 f6 22.
Nd2 Ba5 23. Qd3 Nh6 24. Nc4 Ng4 25. Bd2 Qe7 26. Nxa5 Rxa5 27. f3 Nh6 28. Qe3
Nf7 29. Qd3 Nf8 30. Rb1 Ne6 31. Nf1 Nf4 32. Bxf4 exf4 33. Nd2 Qd7 34. Rb4 Kg7
35. Reb1 d5 36. exd5 Re3 37. Qc4 Nd6 38. Qc5 b6 39. Qc6 Qxc6 40. dxc6 Rxc3 41.
Ne4 Nxe4 42. fxe4 a3 43. d5 Kf7 44. Kf1 Ke7 45. Re1 Kd6 46. Re2 Rc5 47. Rf2
Rcxb5 48. Rxb5 Rxb5 49. Rxf4 Rb1+ 50. Kf2 Ke5 51. Kg3 Rb2 52. Rf2 f5 53. exf5
gxf5 54. d6 Kxd6 55. Rxf5 Kxc6 56. Rf2 b5 57. Rf6+ Kb7 58. Rf5 c6 59. Rxh5 Rxa2
60. Rf5 Ra1 61. Rf2 Rh1 62. Kg4 b4 63. Ra2 c5 64. h5 c4 65. Kg5 b3 66. Rxa3 b2
67. h6 0-1

[Event "BC-WA m"]
[Site "Victoria"]
[Date "2020.01.17"]
[Round "1.7"]
[White "Mohammed Qanee, Arpak Worya"]
[Black "Seshadri, Sridhar"]
[Result "1-0"]
[WhiteElo "2185"]
[BlackElo "1762"]
[PlyCount "81"]
[EventDate "2020.01.17"]
[EventType "team-swiss"]
[EventRounds "5"]
[EventCountry "CAN"]
[WhiteTeam "BC"]
[BlackTeam "WA"]

1. d4 Nf6 2. Bg5 d5 3. Bxf6 exf6 4. e3 Bf5 5. Bd3 Bxd3 6. Qxd3 Qd7 7. Nd2 Nc6
8. c3 f5 9. Ne2 Bd6 10. Qb5 O-O 11. Qxd5 Ne7 12. Qf3 c6 13. O-O Rae8 14. a4 a5
15. Nc4 Bc7 16. Nf4 g6 17. h4 Nd5 18. Nd3 Qe7 19. g3 b6 20. Nce5 Bxe5 21. Nxe5
Qd6 22. Rac1 f6 23. Nd3 Re4 24. c4 Nb4 25. c5 bxc5 26. Nxc5 Rg4 27. Kg2 Re8 28.
Rc4 Nd5 29. Nb7 Qd7 30. Nc5 Qd6 31. Rfc1 Rb8 32. Nd3 Rb6 33. Nf4 Nxf4+ 34. exf4
Rxb2 35. Rxc6 Qxd4 36. Rc8+ Kg7 37. R1c7+ Kh6 38. Rh8 Rxf2+ 39. Qxf2 Rxg3+ 40.
Qxg3 Qd5+ 41. Qf3 1-0

[Event "BC-WA m"]
[Site "Victoria"]
[Date "2020.01.17"]
[Round "1.8"]
[White "Wu, Howard"]
[Black "Mahajan, Rushaan"]
[Result "0-1"]
[WhiteElo "2112"]
[BlackElo "2179"]
[PlyCount "66"]
[EventDate "2020.01.17"]
[EventType "team-swiss"]
[EventRounds "5"]
[EventCountry "CAN"]
[WhiteTeam "BC"]
[BlackTeam "WA"]

1. e4 c6 2. d4 d5 3. exd5 cxd5 4. c4 Nf6 5. Nc3 e6 6. Nf3 Be7 7. cxd5 Nxd5 8.
Bd3 Nc6 9. O-O Bf6 10. Ne4 Bxd4 11. Nxd4 Nxd4 12. Qa4+ Nc6 13. Bb5 O-O 14. Bxc6
Nb6 15. Qc2 bxc6 16. Be3 Qc7 17. Rfd1 Nd5 18. Bc5 Rd8 19. Ng5 g6 20. Qe4 h6 21.
Nf3 Ba6 22. g3 Rab8 23. Bd4 Rb4 24. a3 Ra4 25. Rac1 c5 26. b3 Rxa3 27. Bxc5
Rxb3 28. Bd4 Nc3 29. Bxc3 Rxd1+ 30. Rxd1 Rxc3 31. Ne5 Rc1 32. Re1 Qc3 33. Nf3
Qxf3 0-1

[Event "BC-WA m"]
[Site "Victoria"]
[Date "2020.01.17"]
[Round "1.9"]
[White "Setiadikurnia, Sloan Christopher"]
[Black "Sardari, Reza"]
[Result "1-0"]
[WhiteElo "2155"]
[BlackElo "2024"]
[PlyCount "77"]
[EventDate "2020.01.17"]
[EventType "team-swiss"]
[EventRounds "5"]
[EventCountry "CAN"]
[WhiteTeam "WA"]
[BlackTeam "BC"]

1. e4 c5 2. Nf3 d6 3. d4 cxd4 4. Nxd4 Nf6 5. Nc3 a6 6. Be3 e6 7. f3 Be7 8. Qd2
b5 9. g4 h6 10. O-O-O Bd7 11. Kb1 Nc6 12. h4 Nxd4 13. Bxd4 b4 14. Ne2 e5 15.
Be3 a5 16. Rg1 Be6 17. g5 hxg5 18. hxg5 Nd7 19. Nc1 Qc7 20. f4 exf4 21. Bxf4
Ne5 22. Bb5+ Kf8 23. Rh1 Rxh1 24. Rxh1 Ng6 25. Qh2 f5 26. gxf6 Rc8 27. fxe7+
Kxe7 28. Bg5+ Kf8 29. Bf4 Ke7 30. Rg1 Bf7 31. Ba4 Rh8 32. Bg5+ Kf8 33. Qf2 Kg8
34. Bb3 Bxb3 35. Nxb3 d5 36. Qf5 Rh2 37. Qe6+ Kh7 38. Qxg6+ Kg8 39. exd5 1-0

[Event "BC-WA m"]
[Site "Victoria"]
[Date "2020.01.17"]
[Round "1.10"]
[White "Lehingrat, Callum"]
[Black "Abramson, Dan"]
[Result "1/2-1/2"]
[WhiteElo "1995"]
[BlackElo "2135"]
[PlyCount "153"]
[EventDate "2020.01.17"]
[EventType "team-swiss"]
[EventRounds "5"]
[EventCountry "CAN"]
[WhiteTeam "BC"]
[BlackTeam "WA"]

1. Nf3 Nf6 2. c4 g6 3. Nc3 c5 4. e4 Nc6 5. d4 cxd4 6. Nxd4 d6 7. Be2 Nxd4 8.
Qxd4 Bg7 9. Be3 O-O 10. Qd2 Ng4 11. Bd4 Bh6 12. Qd1 e5 13. Bxg4 exd4 14. Nd5 f5
15. exf5 Re8+ 16. Kf1 Bxf5 17. Bxf5 gxf5 18. Qxd4 Bg7 19. Qd3 Re4 20. Rb1 Qa5
21. Ne3 Rae8 22. a3 Rd4 23. Qxf5 Qd2 24. Qc2 Qxc2 25. Nxc2 Rd2 26. Ne3 Rf8 27.
f3 Bd4 28. Re1 Re8 29. Nd1 Rxe1+ 30. Kxe1 Rxg2 31. h4 Bxb2 32. Nxb2 Rxb2 33.
Rg1+ Kf7 34. Rg5 Rb3 35. Rh5 Kg6 36. Rd5 Rxf3 37. Rxd6+ Rf6 38. Rd5 Rf4 39. Rd7
Rxc4 40. Rxb7 Ra4 41. h5+ Kh6 42. Rb5 Rxa3 43. Kd2 a5 44. Ke2 a4 45. Ra5 Ra1
46. Kf2 a3 47. Kg2 Kg7 48. Ra6 Ra2+ 49. Kg3 Kf7 50. Ra7+ Kg8 51. h6 Ra1 52. Kg2
a2 53. Kh2 Kf8 54. Kg2 Ke8 55. Kh2 Kd8 56. Kg2 Kc8 57. Kh2 Kb8 58. Ra3 Kc7 59.
Ra6 Kb7 60. Ra3 Kc6 61. Ra5 Kd6 62. Ra6+ Kd5 63. Ra5+ Kc4 64. Ra8 Kd3 65. Kg2
Ke3 66. Ra6 Kf4 67. Ra5 Kg4 68. Kh2 Kf3 69. Ra3+ Kg4 70. Ra5 Rb1 71. Rxa2 Rb6
72. Ra4+ Kg5 73. Kg3 Rb3+ 74. Kg2 Kxh6 75. Ra8 Kg5 76. Ra5+ Kh4 77. Ra4+
1/2-1/2

[Event "BC-WA m"]
[Site "Victoria"]
[Date "2020.01.18"]
[Round "2.2"]
[White "Kenney, Jason"]
[Black "Setiadikurnia, Sloan Christopher"]
[Result "1-0"]
[WhiteElo "2264"]
[BlackElo "2155"]
[PlyCount "131"]
[EventDate "2020.01.17"]
[EventType "team-swiss"]
[EventRounds "5"]
[EventCountry "CAN"]
[WhiteTeam "BC"]
[BlackTeam "WA"]

1. d4 Nf6 2. c4 e6 3. Nc3 Bb4 4. e3 O-O 5. Bd3 d5 6. a3 Bxc3+ 7. bxc3 dxc4 8.
Bxc4 c5 9. Ne2 Qc7 10. Bd3 e5 11. O-O Nc6 12. e4 cxd4 13. cxd4 Nxd4 14. Nxd4
exd4 15. h3 Be6 16. Bg5 Nd7 17. Be7 Rfe8 18. Rc1 Qb6 19. Rb1 Qc7 20. Rc1 Qa5
21. Bd6 Rac8 22. f4 f6 23. Bb4 Qb6 24. Qh5 Bf7 25. Qb5 Nb8 26. Qxb6 axb6 27.
Kf2 Na6 28. Bb5 Nxb4 29. axb4 Red8 30. Ke2 Be8 31. Bxe8 Rxe8 32. Rxc8 Rxc8 33.
Kd3 b5 34. Kxd4 Rc4+ 35. Kd5 Rxb4 36. Rc1 Rc4 37. Rb1 Kf7 38. Rxb5 Rc7 39. e5
fxe5 40. fxe5 Rd7+ 41. Ke4 Ke7 42. Rb6 Kd8 43. e6 Rc7 44. Ke5 Ke7 45. Kd5 Kf6
46. Rb3 Ke7 47. Rf3 Ke8 48. Rf4 Ke7 49. Rf7+ Kd8 50. Rf8+ Ke7 51. Rg8 Kf6 52.
Rh8 h6 53. Rf8+ Ke7 54. Rf7+ Kd8 55. Kd6 Rc6+ 56. Kd5 Rc7 57. Rf3 Ke8 58. h4
Ke7 59. Rg3 Kf6 60. h5 Rc2 61. Rg6+ Kf5 62. e7 Rd2+ 63. Kc5 Re2 64. Kd6 b5 65.
Kd7 Rd2+ 66. Rd6 1-0

[Event "BC-WA m"]
[Site "Victoria"]
[Date "2020.01.18"]
[Round "2.3"]
[White "Collyer, Curt"]
[Black "Huang, Patrick"]
[Result "1/2-1/2"]
[WhiteElo "2325"]
[BlackElo "2248"]
[PlyCount "137"]
[EventDate "2020.01.17"]
[EventType "team-swiss"]
[EventRounds "5"]
[EventCountry "CAN"]
[WhiteTeam "WA"]
[BlackTeam "BC"]

1. d4 g6 2. Nc3 Bg7 3. Bg5 d6 4. Qd2 a6 5. Nf3 b5 6. e3 Bb7 7. Be2 Nd7 8. O-O
Rc8 9. a4 b4 10. Na2 c5 11. Nc1 Ngf6 12. Bh4 O-O 13. Nd3 a5 14. Qd1 Qb6 15. c3
c4 16. Nde1 bxc3 17. bxc3 Ne4 18. Qc1 Ndf6 19. Nd2 Nxd2 20. Qxd2 g5 21. Bg3 Ne4
22. Qc1 Qc7 23. Nf3 h5 24. h3 Qc6 25. Bh2 f5 26. Ne1 g4 27. f3 Nf6 28. Bf4 Rce8
29. Bg5 Nh7 30. Bh4 gxh3 31. gxh3 e5 32. Qd2 Bh6 33. Nc2 Kh8 34. Kh2 f4 35. e4
Bc8 36. Rg1 Qd7 37. Bf1 Rg8 38. Qf2 Rxg1 39. Kxg1 Rg8+ 40. Kh1 Bg5 41. Ne1 Qg7
42. Bxg5 Nxg5 43. Bxc4 Nxh3 44. Qg2 Qxg2+ 45. Nxg2 Rg3 46. Rf1 Ng5 47. Ne1 h4
48. Rf2 Kg7 49. Bf1 Kf6 50. Kh2 Ke7 51. Bg2 Bd7 52. Rb2 h3 53. Bh1 Bxa4 54. Ra2
Bd1 55. Rxa5 exd4 56. cxd4 Bxf3 57. Rxg5 Rxg5 58. Nxf3 Rg3 59. Ng1 Rd3 60. Nxh3
Rd2+ 61. Kg1 Rd1+ 62. Kh2 Rd2+ 63. Kg1 Rd1+ 64. Kg2 Rxd4 65. Nxf4 Rxe4 66. Kf3
Ra4 67. Ke3 Kf6 68. Bf3 Rxf4 69. Kxf4 1/2-1/2

[Event "BC-WA m"]
[Site "Victoria"]
[Date "2020.01.18"]
[Round "2.4"]
[White "Cortes Orihuela, Javier"]
[Black "Sinanan, Joshua C"]
[Result "1-0"]
[WhiteElo "2242"]
[BlackElo "2302"]
[PlyCount "123"]
[EventDate "2020.01.17"]
[EventType "team-swiss"]
[EventRounds "5"]
[EventCountry "CAN"]
[WhiteTeam "BC"]
[BlackTeam "WA"]

1. d4 Nf6 2. c4 e6 3. g3 d5 4. Nf3 Be7 5. Bg2 O-O 6. O-O dxc4 7. Qc2 a6 8. a4
Nc6 9. Qxc4 Qd5 10. Nbd2 Rd8 11. e3 Qh5 12. e4 Bd7 13. Qe2 Nb4 14. h3 c5 15. g4
Nxg4 16. hxg4 Qxg4 17. Nc4 Bc6 18. Ne3 Qxe4 19. Ne5 Qxd4 20. Nxc6 Nxc6 21. Bxc6
bxc6 22. Ra3 Qe4 23. Qg4 Qb4 24. Qg2 c4 25. Rc3 c5 26. Rxc4 Qb3 27. Rg4 g6 28.
Qf3 Rab8 29. Rg3 Rd3 30. Qg2 Bf8 31. Ng4 Bd6 32. Rxd3 Qxd3 33. Bh6 f5 34. Ne3
Qe4 35. Qxe4 fxe4 36. Rd1 Be5 37. Rd7 Bxb2 38. Nc4 Bd4 39. Kg2 Bf6 40. Nd6 Rd8
41. Nxe4 Bh4 42. Rg7+ Kh8 43. Kh3 Rd5 44. Rf7 Rf5 45. Ra7 Bd8 46. Ra8 Rh5+ 47.
Kg4 Rh4+ 48. Kg3 Rxh6 49. Rxd8+ Kg7 50. Rd7+ Kf8 51. Ng5 Rh1 52. Nxh7+ Ke8 53.
Nf6+ Kf8 54. Ra7 Ra1 55. Rxa6 Ke7 56. Ne4 c4 57. Kf3 e5 58. Ke2 Ra2+ 59. Ke3
Ra3+ 60. Kd2 Ra2+ 61. Kc3 Re2 62. f3 1-0

[Event "BC-WA m"]
[Site "Victoria"]
[Date "2020.01.18"]
[Round "2.5"]
[White "Abramson, Dan"]
[Black "Mohammed Qanee, Arpak Worya"]
[Result "0-1"]
[WhiteElo "2135"]
[BlackElo "2185"]
[PlyCount "58"]
[EventDate "2020.01.17"]
[EventType "team-swiss"]
[EventRounds "5"]
[EventCountry "CAN"]
[WhiteTeam "WA"]
[BlackTeam "BC"]

1. c4 e5 2. Nc3 Nf6 3. Nf3 Nc6 4. e3 Be7 5. d4 exd4 6. exd4 d5 7. c5 O-O 8. Bd3
Bg4 9. Be2 Ne4 10. O-O Bf6 11. Be3 b6 12. Qa4 Nxc3 13. bxc3 Na5 14. Rac1 c6 15.
h3 Bxf3 16. Bxf3 b5 17. Qc2 g6 18. Be2 Re8 19. Rce1 Bg5 20. Bd3 Bxe3 21. fxe3
f5 22. Bxf5 gxf5 23. Qxf5 Qh4 24. Qf7+ Kh8 25. Qc7 Rg8 26. Qxa5 Rxg2+ 27. Kxg2
Rg8+ 28. Kf3 Qe4+ 29. Ke2 Rg2+ 0-1

[Event "BC-WA m"]
[Site "Victoria"]
[Date "2020.01.18"]
[Round "2.6"]
[White "Vijayakumar, Advaith"]
[Black "Gansvind, Valeriya I"]
[Result "1/2-1/2"]
[WhiteElo "2121"]
[BlackElo "2123"]
[PlyCount "65"]
[EventDate "2020.01.17"]
[EventType "team-swiss"]
[EventRounds "5"]
[EventCountry "CAN"]
[WhiteTeam "WA"]
[BlackTeam "BC"]

1. d4 Nf6 2. c4 e6 3. Nf3 Bb4+ 4. Nbd2 a5 5. a3 Bxd2+ 6. Qxd2 d6 7. b3 Nbd7 8.
e3 Qe7 9. Be2 b6 10. O-O Bb7 11. Bb2 O-O 12. b4 Rfd8 13. Rfd1 Nf8 14. Qc2 Be4
15. Qc3 h6 16. Nd2 Bb7 17. Bf3 Bxf3 18. Nxf3 N8d7 19. d5 e5 20. Qc2 Qf8 21.
Rac1 axb4 22. axb4 Ra2 23. Ra1 Rda8 24. Nd2 Rxa1 25. Rxa1 Rxa1+ 26. Bxa1 Qa8
27. Bc3 Qa6 28. e4 Nh7 29. Qb2 Qa4 30. Qb3 Qa7 31. g3 Nhf6 32. h3 Nh7 33. Bb2
1/2-1/2

[Event "BC-WA m"]
[Site "Victoria"]
[Date "2020.01.18"]
[Round "2.7"]
[White "Patterson, Roger"]
[Black "Velea, Anne-Marie"]
[Result "1/2-1/2"]
[WhiteElo "2115"]
[BlackElo "2082"]
[PlyCount "78"]
[EventDate "2020.01.17"]
[EventType "team-swiss"]
[EventRounds "5"]
[EventCountry "CAN"]
[WhiteTeam "BC"]
[BlackTeam "WA"]

1. c4 e5 2. Nc3 Nf6 3. g3 d5 4. cxd5 Nxd5 5. Bg2 Nb6 6. Nf3 Nc6 7. O-O Be7 8.
a3 O-O 9. b4 Be6 10. d3 a5 11. b5 Nd4 12. Nxd4 exd4 13. Na4 Nd5 14. Bb2 c5 15.
bxc6 b5 16. Bxd4 bxa4 17. Qxa4 Rb8 18. Rab1 Nb6 19. Bxb6 Rxb6 20. d4 f6 21.
Rfd1 Bd6 22. d5 Bf7 23. Rbc1 Rb2 24. e4 Qb6 25. Qd4 Rc8 26. Bh3 Rc7 27. Qxb6
Rxb6 28. f4 g6 29. e5 fxe5 30. fxe5 Bxe5 31. d6 Rcxc6 32. Rxc6 Rxc6 33. d7 Bf6
34. d8=Q+ Bxd8 35. Rxd8+ Kg7 36. Ra8 Rc1+ 37. Kf2 Rc2+ 38. Kg1 Rc1+ 39. Kf2
Rc2+ 1/2-1/2

[Event "BC-WA m"]
[Site "Victoria"]
[Date "2020.01.18"]
[Round "2.8"]
[White "Velea, Sophie"]
[Black "Lehingrat, Callum"]
[Result "1/2-1/2"]
[WhiteElo "1850"]
[BlackElo "1995"]
[PlyCount "103"]
[EventDate "2020.01.17"]
[EventType "team-swiss"]
[EventRounds "5"]
[EventCountry "CAN"]
[WhiteTeam "WA"]
[BlackTeam "BC"]

1. e4 c5 2. Nf3 e6 3. d4 cxd4 4. Nxd4 a6 5. Nc3 d6 6. Bd3 Nf6 7. O-O b5 8. a3
Bb7 9. Bd2 Nbd7 10. Qe2 Be7 11. Kh1 O-O 12. f4 Nc5 13. Rae1 Re8 14. Nb3 Nxd3
15. cxd3 Rc8 16. d4 Rxc3 17. Bxc3 Nxe4 18. Nd2 f5 19. Nxe4 Bxe4 20. Rc1 Bf6 21.
Rfd1 Qa8 22. b4 Kh8 23. Bb2 Qb7 24. Qf2 Rg8 25. Rc3 g5 26. Rg3 g4 27. Rc3 h5
28. Qd2 h4 29. Kg1 Rg7 30. Rdc1 Kh7 31. Rc8 Bd5 32. R8c3 Qb6 33. Re3 Be4 34.
Qc3 Re7 35. Rd1 Qb7 36. Qd2 Qb6 37. Qe1 Bd5 38. Qd2 Rg7 39. Qe1 Qb7 40. Qd2 h3
41. g3 Qb6 42. Qf2 Re7 43. Qd2 Ba8 44. Qf2 Bd5 45. Qd2 Kg7 46. Kf1 Kf7 47. Kg1
Ba8 48. Qf2 Bd5 49. Qd2 Rc7 50. Bc3 Re7 51. Bb2 Ba8 52. Qf2 1/2-1/2

[Event "BC-WA m"]
[Site "Victoria"]
[Date "2020.01.18"]
[Round "2.9"]
[White "Seshadri, Sridhar"]
[Black "Wu, Howard"]
[Result "1/2-1/2"]
[WhiteElo "1762"]
[BlackElo "2112"]
[PlyCount "101"]
[EventDate "2020.01.17"]
[EventType "team-swiss"]
[EventRounds "5"]
[EventCountry "CAN"]
[WhiteTeam "WA"]
[BlackTeam "BC"]

1. c4 Nf6 2. Nc3 g6 3. e4 d6 4. Nge2 c5 5. d3 Bg7 6. h3 Nc6 7. Be3 O-O 8. d4
cxd4 9. Nxd4 Bd7 10. Be2 Nxd4 11. Bxd4 Bc6 12. Bf3 Qa5 13. O-O e6 14. Rc1 Rac8
15. a3 Rfd8 16. Qe2 Qc7 17. b4 b6 18. Be3 Qe7 19. Rfd1 Nd7 20. g3 f5 21. h4 Ne5
22. Bg2 Ba8 23. exf5 Bxg2 24. Kxg2 gxf5 25. Nb5 a6 26. Nd4 h6 27. Bf4 Qb7+ 28.
Kh3 Re8 29. Bxe5 dxe5 30. Nb3 e4 31. c5 b5 32. Na5 Qf7 33. c6 Re7 34. Nb7 Qg6
35. Nd6 Rcc7 36. Nb7 Be5 37. Rc5 Bf6 38. Rd8+ Kh7 39. Qd1 Rg7 40. Rd7 Rgxd7 41.
cxd7 Rxb7 42. d8=Q Bxd8 43. Qxd8 Qg7 44. Qd6 Re7 45. Rc6 e3 46. fxe3 Qg4+ 47.
Kh2 Qe2+ 48. Kh3 Qf1+ 49. Kh2 Qe2+ 50. Kh3 Qf1+ 51. Kh2 1/2-1/2

[Event "BC-WA m"]
[Site "Victoria"]
[Date "2020.01.18"]
[Round "2.10"]
[White "Sardari, Reza"]
[Black "Velea, Stephanie"]
[Result "1-0"]
[WhiteElo "2024"]
[BlackElo "1797"]
[PlyCount "47"]
[EventDate "2020.01.17"]
[EventType "team-swiss"]
[EventRounds "5"]
[EventCountry "CAN"]
[WhiteTeam "BC"]
[BlackTeam "WA"]

1. e4 c5 2. Nf3 d6 3. c3 Nf6 4. h3 Bd7 5. Bd3 Bc6 6. Qe2 e6 7. O-O Be7 8. Bc2
d5 9. e5 Nfd7 10. d4 b6 11. a4 Bb7 12. Na3 Ba6 13. Nb5 Bxb5 14. axb5 cxd4 15.
Nxd4 Qc8 16. f4 Bd8 17. f5 Nf8 18. Qf3 Qd7 19. Bb3 a5 20. bxa6 Rxa6 21. Rxa6
Nxa6 22. fxe6 fxe6 23. Ba4 Qxa4 24. Qf7# 1-0

[Event "BC-WA m"]
[Site "Victoria"]
[Date "2020.01.18"]
[Round "3.2"]
[White "Setiadikurnia, Sloan Christopher"]
[Black "Cortes Orihuela, Javier"]
[Result "0-1"]
[WhiteElo "2155"]
[BlackElo "2242"]
[PlyCount "108"]
[EventDate "2020.01.17"]
[EventType "team-swiss"]
[EventRounds "5"]
[EventCountry "CAN"]
[WhiteTeam "WA"]
[BlackTeam "BC"]

1. e4 e5 2. Nf3 Nc6 3. Bb5 a6 4. Ba4 Nf6 5. O-O Be7 6. Re1 b5 7. Bb3 d6 8. c3
O-O 9. h3 Nb8 10. d4 Nbd7 11. Nbd2 Bb7 12. Bc2 Re8 13. Nf1 Bf8 14. Ng3 g6 15.
Bg5 h6 16. Bd2 Bg7 17. a4 c5 18. d5 c4 19. Qc1 h5 20. Bg5 Qc7 21. Qd2 Nc5 22.
Nh4 Nh7 23. Bh6 Bf6 24. Nf3 Reb8 25. Nh2 Bc8 26. f4 bxa4 27. Rab1 Qb6 28. Kh1
Bh4 29. Re3 exf4 30. Bxf4 Nd7 31. Nf3 Bf6 32. Ree1 Ne5 33. Bxe5 Bxe5 34. Nxe5
dxe5 35. Bxa4 Ra7 36. Nf1 Bd7 37. Bxd7 Rxd7 38. Ne3 Rc8 39. Qe2 Qb5 40. Nc2 a5
41. Na3 Qc5 42. Rf1 Rd6 43. Rf2 Nf6 44. Re1 Nxe4 45. Qxe4 Qxf2 46. Qxe5 Rxd5
47. Qxd5 Qxe1+ 48. Kh2 Qe2 49. Nb5 Qe6 50. Qd4 Qc6 51. Na3 Qc7+ 52. g3 Rd8 53.
Qe3 h4 54. Kg2 Rd3 0-1

[Event "BC-WA m"]
[Site "Victoria"]
[Date "2020.01.18"]
[Round "3.3"]
[White "Mohammed Qanee, Arpak Worya"]
[Black "Mahajan, Rushaan"]
[Result "1/2-1/2"]
[WhiteElo "2185"]
[BlackElo "2179"]
[PlyCount "135"]
[EventDate "2020.01.17"]
[EventType "team-swiss"]
[EventRounds "5"]
[EventCountry "CAN"]
[WhiteTeam "BC"]
[BlackTeam "WA"]

1. d4 d5 2. c4 e6 3. Nf3 Nf6 4. Nc3 Bb4 5. e3 O-O 6. Bd3 c5 7. O-O b6 8. cxd5
Bxc3 9. bxc3 Qxd5 10. Ne5 Nbd7 11. c4 Qd6 12. Bb2 Rd8 13. f4 Bb7 14. Qa4 Ne4
15. Rad1 f6 16. Nxd7 Qxd7 17. Qxd7 Rxd7 18. d5 f5 19. Bxe4 fxe4 20. dxe6 Re7
21. f5 Ba6 22. Bxg7 Rxg7 23. f6 Rg6 24. e7 Kf7 25. Rd8 Rg8 26. Rfd1 Rc8 27.
R1d6 h5 28. a4 Re8 29. Kf2 Bb7 30. Kg3 Bc6 31. Rxc8 Rxc8 32. Rd8 Rc7 33. Rf8+
Ke6 34. e8=Q+ Bxe8 35. Rxe8+ Kxf6 36. Rxe4 Rd7 37. Re8 Rd3 38. Rf8+ Kg6 39. Ra8
Rxe3+ 40. Kf2 Rc3 41. Rxa7 Rxc4 42. Ra6 Kg5 43. Rxb6 Rxa4 44. Rb5 Rc4 45. Kf3
Rc3+ 46. Ke4 Rc2 47. Rb8 Kh4 48. Rg8 c4 49. Kf4 Rf2+ 50. Ke3 Rf1 51. Rg3 Rf8
52. Kd4 Rf4+ 53. Kc3 Re4 54. Rg8 Re1 55. Kxc4 Rd1 56. Rg3 Rh1 57. Rh3+ Kg4 58.
Kd3 h4 59. Ke2 Rg1 60. Kf2 Ra1 61. Re3 Ra2+ 62. Re2 Ra4 63. Rc2 Rb4 64. Rd2 Ra4
65. Ke3 Ra3+ 66. Ke4 Ra4+ 67. Rd4 Rxd4+ 68. Kxd4 1/2-1/2

[Event "BC-WA m"]
[Site "Victoria"]
[Date "2020.01.18"]
[Round "3.4"]
[White "Sinanan, Joshua C"]
[Black "Kenney, Jason"]
[Result "1-0"]
[WhiteElo "2302"]
[BlackElo "2264"]
[PlyCount "93"]
[EventDate "2020.01.17"]
[EventType "team-swiss"]
[EventRounds "5"]
[EventCountry "CAN"]
[WhiteTeam "WA"]
[BlackTeam "BC"]

1. Nf3 Nf6 2. c4 e6 3. g3 d5 4. d4 Be7 5. Bg2 O-O 6. O-O c6 7. Nbd2 b6 8. Qc2
Bb7 9. Rd1 Nbd7 10. e4 dxe4 11. Nxe4 Nxe4 12. Qxe4 Nf6 13. Qe2 Qc8 14. b3 Re8
15. Bb2 c5 16. dxc5 Qxc5 17. Ne5 Bxg2 18. Kxg2 Rac8 19. Qf3 Qc7 20. Rd7 Qb8 21.
Rad1 Rc5 22. Rxe7 Rxe7 23. Nc6 Rxc6 24. Qxc6 e5 25. Ba3 Re6 26. Rd6 Re8 27. Rd1
h5 28. Bb2 Re6 29. Qf3 Ng4 30. Qd5 Kh7 31. Qe4+ Kg8 32. h3 Nf6 33. Qe2 Qa8+ 34.
Kg1 h4 35. Kh2 Ne4 36. gxh4 Rg6 37. Rg1 Rxg1 38. Kxg1 Qc6 39. Bxe5 f6 40. Bd4
f5 41. Qe3 Qg6+ 42. Kh2 Qd6+ 43. Kh1 Qd8 44. f3 Ng3+ 45. Kg2 Qxh4 46. Qe6+ Kh8
47. Bxg7+ 1-0